SAT Words Click Quiz - X - Statistics

General Stats
  • This quiz has been taken 520 times
  • The average score is 10 of 15
Answer Stats
Hint Answer % Correct
Irrationally afraid of foreigners Xenophobic
97%
Emit; ooze Exude
84%
The art of engraving wood Xylography
83%
Rescue from a difficult situation Extricate
74%
Advise or urge strongly Exhort
69%
Friendly like the relationship between host and guest Xenial
69%
Elevate in prestige or rank Exalt
66%
Requiring immediate action Exigent
65%
Like or resembling wood Xyloid
65%
Surviving; currently in circulation Extant
60%
Type of 3-masted Mediterranean sailing ship Xebec
60%
Uproot or destroy completely Extirpate
59%
Extremely dry; or, habituated to an ecosystem with little rain Xeric
59%
Make less severe or serious Extenuate
55%
Celebrate triumphantly Exult
51%
No matching quizzes found
Score Distribution
Percent of People with Each Score
Percentile by Number Answered
Your Score History
You have not taken this quiz